| 000 | 00479nam a2200181Ia 4500 | ||
|---|---|---|---|
| 008 | 230917s9999||||xx |||||||||||||| ||und|| | ||
| 020 | _cUSD74.45 | ||
| 040 |
_e211331 _aMAIN |
||
| 041 | _aEnglish | ||
| 082 | _a576 S54M(2) | ||
| 100 | _aSlonczewski, Joan L | ||
| 245 | 0 | _aMicrobiology; An evolving science | |
| 250 | _a2nd. ed. | ||
| 260 |
_aNew York _bW W Norton _c2011 |
||
| 300 | _axxxiv, 1097 p. | ||
| 500 | _a3614 17/10/2013 IN439 21/10/2013 Main Budget | ||
| 942 | _cBK | ||
| 999 |
_c32836 _d32836 |
||